| 000 | 00878nam a22002897a 4500 | ||
|---|---|---|---|
| 003 | CHAP | ||
| 005 | 20220329140618.0 | ||
| 008 | 971013s1975 r 00010 d | ||
| 010 | _a54748 | ||
| 011 | _a55720 | ||
| 035 | _a59872 | ||
| 040 | _cCHAP | ||
| 082 |
_a330.15 _bW5Y |
||
| 100 | 0 | 0 |
_aWilliams, Eric. _9122050 |
| 245 | _aCapitalismo y esclavitud | ||
| 260 |
_aLa Habana : _bEd. Ciencias Sociales, _c1975 |
||
| 300 | _a253 p. | ||
| 590 |
_aBATCH-UPD _b10 _c20130110 _lUCH01 _h0242 |
||
| 590 |
_aBATCH-UPD _b10 _c20130110 _lUCH01 _h2110 |
||
| 590 |
_aCONVERSION _b10 _c20130109 _lUCH01 _h1330 |
||
| 650 | 1 | 4 |
_aCapitalismo. _918711 |
| 650 | 1 | 4 |
_aEsclavitud. _937482 |
| 901 | _aBK | ||
| 942 | _cLIBRO | ||
| 949 |
_a330.15 W5Y _bBC _cLIBRO _d33724000313300 _eLIBRO _fc.2 _h58238 _i59872 _si _t90.00 |
||
| 949 |
_a330.15 W5Y _bBC _cLIBRO _d33724000313318 _eLIBRO _h58237 _i59872 _si _t90.00 |
||
| 999 |
_c54748 _d54748 |
||